[Event "Lichtenberger Sommer 2018"]
[Site "?"]
[Date "2018.08.18"]
[Round "1.28"]
[White "Schulz-Runge, Michael"]
[Black "Krefenstein, Sergej"]
[Result "0-1"]
[WhiteElo "1758"]
[BlackElo "2120"]
[PlyCount "84"]
[EventDate "2018.??.??"]
[WhiteTeam "FS Dortmund"]
[BlackTeam "TuS Makkabi Berlin"]

1. c4 e5 2. Nc3 Bb4 3. g3 Nf6 4. Bg2 O-O 5. e3 Bxc3 6. dxc3 e4 7. Ne2 d6 8. O-O
Nc6 9. b3 Re8 10. Qc2 Bg4 11. Nd4 Ne5 12. h3 Bh5 13. Ne2 g5 14. Ba3 b6 15. c5
bxc5 16. c4 Qe7 17. Kh1 Qe6 18. Ng1 Bf3 19. Rab1 Bxg2+ 20. Kxg2 Nd3 21. Bb2
Nxb2 22. Qxb2 Nd7 23. Rbd1 Ne5 24. Qe2 Qg6 25. Rd5 a5 26. Rd2 a4 27. Rb2 Nd3
28. Rbb1 axb3 29. Rxb3 Qe6 30. Qh5 Qg6 31. Qe2 Reb8 32. Rfb1 Rxb3 33. Rxb3 Nc1
34. Qc2 Nxb3 35. Qxb3 Qf6 36. a4 h6 37. Qb5 Qa1 38. Qc6 Rxa4 39. Qe8+ Kg7 40.
Qxe4 Ra2 41. Qd3 Qe1 42. Qf5 Ra1 0-1

[Event "Lichtenberger Sommer 2018"]
[Site "?"]
[Date "2018.08.18"]
[Round "1.29"]
[White "Simon, Ralf-Axel"]
[Black "Geldner, Gerrit"]
[Result "1/2-1/2"]
[WhiteElo "2149"]
[BlackElo "1780"]
[PlyCount "125"]
[EventDate "2018.??.??"]
[WhiteTeam "SK Ricklingen"]
[BlackTeam "vereinslos"]

1. Nf3 Nf6 2. c4 d5 3. cxd5 Nxd5 4. e4 Nb6 5. d4 Bg4 6. Be3 N8d7 7. Nc3 e6 8.
Be2 Bb4 9. Qb3 Bxc3+ 10. Qxc3 O-O 11. h3 Bh5 12. a4 Nf6 13. a5 Nbd7 14. Qc2 Qe7
15. O-O Rfc8 16. Rfc1 c6 17. Ra4 a6 18. Rc4 h6 19. Bd2 Rd8 20. Bb4 Qe8 21. Bd6
Bxf3 22. Bxf3 Nf8 23. Bg3 Ng6 24. h4 Rd7 25. h5 Nf8 26. Be5 N8h7 27. Qe2 Rad8
28. g4 Qe7 29. Bg2 Ne8 30. Rd1 Nd6 31. Bxd6 Rxd6 32. e5 R6d7 33. f4 f6 34. Qe3
fxe5 35. Qxe5 Qf6 36. Be4 Qxe5 37. Bxh7+ Kxh7 38. fxe5 Rd5 39. Rd3 Rxa5 40. Rb3
Rd7 41. Kf2 Rb5 42. Rxb5 cxb5 43. Rb4 Kg8 44. Ke3 Kf7 45. Ke4 Ke7 46. Rb3 Rc7
47. Rg3 Rc2 48. b3 b4 49. g5 hxg5 50. Rxg5 Kf7 51. d5 exd5+ 52. Kxd5 Re2 53.
Kc5 Ke6 54. Kxb4 Rxe5 55. Rxg7 Rb5+ 56. Kc4 Kd6 57. h6 Ke6 58. h7 Rh5 59. Rg6+
Kd7 60. Rg7+ Kc6 61. Rg6+ Kd7 62. Rg7+ Kc6 63. Rg6+ 1/2-1/2

[Event "Lichtenberger Sommer 2018"]
[Site "?"]
[Date "2018.08.18"]
[Round "1.30"]
[White "Karyah, Thomas"]
[Black "Vogel, Robert"]
[Result "0-1"]
[WhiteElo "1683"]
[BlackElo "2134"]
[PlyCount "124"]
[EventDate "2018.??.??"]
[WhiteTeam "SC Zugzwang 95 (Berlin)"]
[BlackTeam "SG Pang-Rosenheim"]

1. e4 c5 2. d4 cxd4 3. c3 dxc3 4. Nxc3 Nc6 5. Nf3 d6 6. Bc4 e6 7. O-O Nf6 8.
Qe2 Be7 9. Rd1 e5 10. a3 O-O 11. Be3 a6 12. Rac1 b5 13. Ba2 Bb7 14. Nd5 Nxd5
15. Bxd5 Qe8 16. Rc3 Na5 17. Bxb7 Nxb7 18. Rc7 Nd8 19. Rdc1 Ne6 20. R7c3 Qd7
21. h4 h6 22. Rd1 Qb7 23. Nd2 Bxh4 24. Qg4 Bg5 25. Nf3 Bxe3 26. Rxe3 Rfd8 27.
Nh4 d5 28. Nf5 dxe4 29. Nxh6+ Kf8 30. Rxd8+ Rxd8 31. Nf5 g6 32. Nh4 Qe7 33.
Qxe4 Rd1+ 34. Kh2 Rd4 35. Qa8+ Qd8 36. Qxd8+ Rxd8 37. Rxe5 Rd2 38. Nxg6+ Kg7
39. Nh4 Rxb2 40. Kg3 Rb3+ 41. Re3 Rxe3+ 42. fxe3 Kf6 43. Nf3 Kf5 44. Nd2 Ng5
45. Nb3 Ne4+ 46. Kf3 Ke5 47. g4 Nd6 48. Nd4 Nc4 49. Nc2 f6 50. Kf2 Ke4 51. Ke2
a5 52. Kf2 Kd3 53. Ne1+ Kc3 54. e4 Kd4 55. Kf3 Nxa3 56. Kf4 Nc4 57. Nf3+ Kd3
58. Ne1+ Kc3 59. Nf3 a4 60. e5 fxe5+ 61. Ke4 a3 62. Ng1 a2 0-1

[Event "Lichtenberger Sommer 2018"]
[Site "?"]
[Date "2018.08.18"]
[Round "1.32"]
[White "Becker, Werner"]
[Black "Meyer-Dunker, Paul"]
[Result "0-1"]
[WhiteElo "1689"]
[BlackElo "2017"]
[PlyCount "30"]
[EventDate "2018.??.??"]
[WhiteTeam "SV Königsee"]
[BlackTeam "SC Friesen Lichtenberg"]

1. c4 e6 2. d4 d5 3. Nc3 dxc4 4. e3 Nf6 5. Bxc4 a6 6. Nge2 c5 7. O-O b5 8. Bd3
Bb7 9. dxc5 Bxc5 10. a3 Nc6 11. b4 Bd6 12. Bb2 Ne5 13. Nd4 Nxd3 14. Qxd3 Ng4
15. f4 Qh4 0-1

[Event "Lichtenberger Sommer 2018"]
[Site "?"]
[Date "2018.08.18"]
[Round "1.33"]
[White "Freundorfer, Josef"]
[Black "Bode, Jan-Michael"]
[Result "1-0"]
[WhiteElo "2147"]
[BlackElo "1874"]
[PlyCount "135"]
[EventDate "2018.??.??"]
[WhiteTeam "MTV Ingolstadt"]
[BlackTeam "SW Lichtenrade"]

1. e4 e5 2. Bc4 Nf6 3. Nf3 d6 4. Ng5 Be6 5. Bxe6 fxe6 6. Nxe6 Qe7 7. Nxf8 Rxf8
8. d3 Nc6 9. Nc3 h6 10. O-O O-O-O 11. a3 Kb8 12. b4 Nd4 13. Be3 Qe6 14. Ne2
Nxe2+ 15. Qxe2 Ng4 16. Bd2 g5 17. Bc3 Nf6 18. Rfe1 g4 19. d4 h5 20. dxe5 dxe5
21. Qb5 Nd7 22. a4 h4 23. Re3 Qf6 24. Rf1 a6 25. Qe2 Qg6 26. a5 Rf4 27. g3 hxg3
28. fxg3 Rxf1+ 29. Qxf1 Rf8 30. Qe2 Qh6 31. Bd2 Qh3 32. Rb3 Nf6 33. Rb1 Qh7 34.
Re1 Qg6 35. b5 axb5 36. Qxb5 Nxe4 37. a6 Nd6 38. Qb3 Qf7 39. Qxf7 Rxf7 40. axb7
e4 41. Bb4 Re7 42. Kf2 Rf7+ 43. Ke3 Rf3+ 44. Kd4 Nf5+ 45. Kxe4 Kxb7 46. Re2 Kb6
47. Bd2 Kc5 48. Bf4 Nd6+ 49. Ke5 Ra3 50. Kf6 Ra8 51. Kg6 Rg8+ 52. Kh5 c6 53.
Re5+ Kd4 54. Rg5 Rh8+ 55. Kxg4 Nf7 56. Rf5 Nh6+ 57. Bxh6 Rxh6 58. h4 Ke4 59. h5
Rh8 60. Rf6 c5 61. Re6+ Kd5 62. Re2 Kd4 63. Kh4 c4 64. g4 Rf8 65. h6 Rf6 66.
Kg5 Rf3 67. Rh2 Kc3 68. h7 1-0

[Event "Lichtenberger Sommer 2018"]
[Site "?"]
[Date "2018.08.18"]
[Round "1.34"]
[White "Müller, Johannes"]
[Black "Stark, Ingo"]
[Result "0-1"]
[WhiteElo "1775"]
[BlackElo "2107"]
[PlyCount "74"]
[EventDate "2018.??.??"]
[WhiteTeam "SC Eintracht Berlin"]
[BlackTeam "TSG Oberschöneweide"]

1. e4 c5 2. Nc3 d6 3. f4 Nc6 4. Nf3 g6 5. Bc4 Bg7 6. O-O e6 7. a3 Nge7 8. d3
O-O 9. Ba2 h6 10. h3 Kh7 11. Qe1 Nd4 12. Rf2 Nec6 13. Nd1 Nxf3+ 14. Rxf3 d5 15.
c3 dxe4 16. dxe4 b6 17. g4 Bb7 18. Nf2 Qe7 19. Bd2 Rad8 20. Rd1 Rd7 21. Bc1
Rfd8 22. Rxd7 Rxd7 23. Rd3 b5 24. Qd1 Rxd3 25. Qxd3 c4 26. Qe2 Qd7 27. Bb1 Bf8
28. f5 Ne5 29. Be3 a6 30. Bd4 Bg7 31. Qe3 Qc6 32. Qf4 g5 33. Qe3 exf5 34. gxf5
Kg8 35. Qg3 Qd6 36. h4 gxh4 37. Qxh4 Nf3+ 0-1

[Event "Lichtenberger Sommer 2018"]
[Site "?"]
[Date "2018.08.18"]
[Round "1.35"]
[White "Schliebener, Stephan"]
[Black "Prix, Siegfried"]
[Result "1-0"]
[WhiteElo "2131"]
[BlackElo "1739"]
[PlyCount "43"]
[EventDate "2018.??.??"]
[WhiteTeam "BSV 63 Chemie Weißensee"]
[BlackTeam "SF 1903 Berlin"]

1. c4 e5 2. Nc3 Nf6 3. Nf3 Nc6 4. e3 d5 5. cxd5 Nxd5 6. Bb5 f6 7. d4 Nxc3 8.
bxc3 exd4 9. cxd4 Bb4+ 10. Bd2 Bxd2+ 11. Qxd2 Qd5 12. Qe2 Bd7 13. Rc1 O-O-O 14.
Rc5 Qd6 15. O-O Kb8 16. Rfc1 Rc8 17. R1c3 Rhe8 18. Bxc6 Bxc6 19. Rxc6 bxc6 20.
Qa6 c5 21. Rb3+ Qb6 22. dxc5 1-0

[Event "Lichtenberger Sommer 2018"]
[Site "?"]
[Date "2018.08.18"]
[Round "1.36"]
[White "Ostwald, Tobias"]
[Black "Segerberg, Tomas"]
[Result "0-1"]
[WhiteElo "1796"]
[BlackElo "2101"]
[PlyCount "108"]
[EventDate "2018.??.??"]
[WhiteTeam "MSA Zugzwang"]
[BlackTeam "SG NARVA Berlin"]

1. f4 d5 2. Nf3 Nc6 3. e3 Bg4 4. d4 e6 5. c3 Bd6 6. Bd3 Nge7 7. O-O O-O 8.
Bxh7+ Kh8 9. Bd3 g6 10. Qe1 Bxf3 11. Rxf3 Kg7 12. Rh3 Qd7 13. Nd2 Rh8 14. Rxh8
Rxh8 15. Nf3 Nf5 16. e4 dxe4 17. Bxe4 Be7 18. Bxf5 exf5 19. Ne5 Qe6 20. Bd2 Nd8
21. Nd3 Qd6 22. Qe5+ f6 23. Qxd6 Bxd6 24. Re1 Kf7 25. c4 b6 26. d5 a5 27. a3
Nb7 28. g3 Rd8 29. Bc3 Bc5+ 30. Kg2 a4 31. Re6 Rd6 32. Re1 c6 33. Ne5+ fxe5 34.
Bxe5 Rd8 35. dxc6 Nd6 36. c7 Rc8 37. Rd1 Ke6 38. h3 Rxc7 39. g4 Rc6 40. Bxd6
Bxd6 41. Rd4 Be7 42. g5 Bf8 43. Rd8 Bg7 44. Rg8 Kf7 45. Ra8 Rxc4 46. Ra7+ Kg8
47. Ra6 Rc2+ 48. Kg3 Rxb2 49. Rxa4 Rb3+ 50. Kh4 Bf8 51. Ra8 Kf7 52. Ra6 Bc5 53.
Ra7+ Ke6 54. Rg7 Bf2# 0-1

[Event "Lichtenberger Sommer 2018"]
[Site "?"]
[Date "2018.08.18"]
[Round "1.37"]
[White "Groß, Thorsten"]
[Black "Jugert, Ole"]
[Result "1-0"]
[WhiteElo "2170"]
[BlackElo "1650"]
[PlyCount "53"]
[EventDate "2018.??.??"]
[WhiteTeam "SC Weisse Dame (Berlin)"]
[BlackTeam "vereinslos"]

1. c4 Nf6 2. Nc3 e6 3. e4 d5 4. e5 Nfd7 5. d4 c6 6. Nf3 b6 7. Bd3 Be7 8. O-O
Bb7 9. cxd5 cxd5 10. Qe2 Nc6 11. a3 Rc8 12. Be3 Na5 13. Nd2 Nxe5 14. dxe5 d4
15. Bb5+ Nc6 16. Bxd4 Qxd4 17. Rfd1 Qf4 18. Nf3 O-O 19. Rd7 Na5 20. Rxe7 Bxf3
21. Qxf3 Qxe5 22. Qe2 Qf6 23. Rxa7 Nb3 24. Rd1 Rfd8 25. Rad7 Rxd7 26. Rxd7 Nd4
27. Qd3 1-0

[Event "Lichtenberger Sommer 2018"]
[Site "?"]
[Date "2018.08.18"]
[Round "1.38"]
[White "Lee, Kwan Ho"]
[Black "Jeremic, Dusan"]
[Result "0-1"]
[WhiteElo "1650"]
[BlackElo "2123"]
[PlyCount "62"]
[EventDate "2018.??.??"]
[WhiteTeam "Hong Kong Chess Federation"]
[BlackTeam "SF 1903 Berlin"]

1. d4 Nf6 2. c4 e6 3. Nc3 c5 4. e3 b6 5. d5 d6 6. Nf3 g6 7. Be2 Bg7 8. dxe6
fxe6 9. O-O O-O 10. Rb1 d5 11. Bd3 Nc6 12. cxd5 exd5 13. Bb5 Ne7 14. b4 Bg4 15.
h3 Bxf3 16. gxf3 cxb4 17. Rxb4 Qc8 18. Ne2 Nh5 19. Rh4 Qc5 20. Qd3 a6 21. Bd7
Qd6 22. Bg4 Qf6 23. Rxh5 gxh5 24. Bd7 Rad8 25. Ba4 Qxf3 26. Ba3 Rf7 27. Bxe7
Rxe7 28. Ng3 h4 29. Nf5 Re4 30. Nxg7 Rg4+ 31. hxg4 h3 0-1

[Event "Lichtenberger Sommer 2018"]
[Site "?"]
[Date "2018.08.18"]
[Round "1.39"]
[White "Poseck, Steffen"]
[Black "Wallmann, Bodo"]
[Result "1-0"]
[WhiteElo "2052"]
[BlackElo "1814"]
[PlyCount "39"]
[EventDate "2018.??.??"]
[WhiteTeam "BSV 63 Chemie Weißensee"]
[BlackTeam "SC Kreuzberg"]

1. d4 d5 2. c4 c6 3. cxd5 cxd5 4. Nc3 Nf6 5. Bf4 a6 6. e3 e6 7. Bd3 Bd6 8. Bg3
Nc6 9. f4 b5 10. a3 Na5 11. Qe2 Bb7 12. Nf3 Nc4 13. Ne5 Qa5 14. O-O O-O 15. Bh4
Bxe5 16. fxe5 Ne4 17. Nxe4 dxe4 18. Bxc4 bxc4 19. Qg4 Kh8 20. Be7 1-0

[Event "Lichtenberger Sommer 2018"]
[Site "?"]
[Date "2018.08.18"]
[Round "1.40"]
[White "Regel, Michael"]
[Black "Heuser, Philip"]
[Result "0-1"]
[WhiteElo "1692"]
[BlackElo "2049"]
[PlyCount "90"]
[EventDate "2018.??.??"]
[WhiteTeam "SC Friesen Lichtenberg"]
[BlackTeam "Münchener SC"]

1. d4 Nf6 2. Bf4 d5 3. e3 c5 4. c3 Nc6 5. Bd3 Bg4 6. Nf3 Bxf3 7. Qxf3 e6 8. Nd2
cxd4 9. exd4 Bd6 10. O-O O-O 11. Rfe1 Qc7 12. Bxd6 Qxd6 13. Qe2 Rab8 14. Nf3
Nd7 15. h4 Rfc8 16. Ne5 Ncxe5 17. dxe5 Qc5 18. Qh5 Nf8 19. Qg4 b5 20. Re3 b4
21. Rg3 g6 22. Qd4 bxc3 23. Qxc3 Qxc3 24. bxc3 Rxc3 25. Bf1 Rxg3 26. fxg3 Nd7
27. Re1 Rb2 28. a4 Nb6 29. Bb5 Rb4 30. Rf1 Nc4 31. Re1 Rb2 32. Kf1 Kf8 33. g4
h6 34. g3 Nd2+ 35. Ke2 Ne4+ 36. Kf3 Rb3+ 37. Re3 Rxe3+ 38. Kxe3 Nxg3 39. Bd3
Ke7 40. Kf3 Ne4 41. Bxe4 dxe4+ 42. Kxe4 f5+ 43. gxf5 gxf5+ 44. Kd4 a5 45. h5
Kd7 0-1

[Event "Lichtenberger Sommer 2018"]
[Site "?"]
[Date "2018.08.18"]
[Round "1.42"]
[White "Bollenbach, Horst"]
[Black "Nohr, Jonas"]
[Result "0-1"]
[WhiteElo "1736"]
[BlackElo "2100"]
[PlyCount "84"]
[EventDate "2018.??.??"]
[WhiteTeam "SC Friesen Lichtenberg"]
[BlackTeam "Königsjäger Süd-West"]

1. c4 e5 2. Nc3 Nf6 3. g3 c6 4. Bg2 d6 5. e3 Be7 6. Nge2 Be6 7. b3 d5 8. cxd5
Nxd5 9. Nxd5 Bxd5 10. e4 Be6 11. Bb2 Nd7 12. O-O O-O 13. d4 exd4 14. Nxd4 Bf6
15. Nxe6 fxe6 16. Rb1 Bxb2 17. Rxb2 Nf6 18. Rd2 Qe7 19. Qc2 Rad8 20. Rfd1 Rxd2
21. Rxd2 e5 22. Qc4+ Kh8 23. Bh3 g6 24. Qc3 Nxe4 25. Qe3 Nxd2 26. Qxd2 Qf6 27.
Qe3 b6 28. Bg2 c5 29. Be4 Rd8 30. Kg2 Rd4 31. f3 Kg7 32. Bd3 Qd6 33. Bc4 Rd2+
34. Kh3 Qd7+ 35. g4 Qd4 36. Qg5 Qd6 37. Qe3 e4 38. Qc3+ Kh6 39. g5+ Kxg5 40.
Qe3+ Qf4 41. Qg1+ Kh6 42. fxe4 Qf3+ 0-1

[Event "Lichtenberger Sommer 2018"]
[Site "?"]
[Date "2018.08.18"]
[Round "1.43"]
[White "Seitz, Patrick"]
[Black "Völler, Lothar"]
[Result "1-0"]
[WhiteElo "1998"]
[BlackElo "1689"]
[PlyCount "71"]
[EventDate "2018.??.??"]
[WhiteTeam "SC Böblingen"]
[BlackTeam "FS Dortmund"]

1. e4 c6 2. Nf3 d5 3. Nc3 dxe4 4. Nxe4 Nf6 5. Nxf6+ exf6 6. d4 Bd6 7. Bd3 O-O
8. O-O Be6 9. c3 Nd7 10. Nh4 g6 11. f4 f5 12. Nf3 c5 13. Ng5 cxd4 14. Nxe6 fxe6
15. Bc4 Re8 16. Re1 Nf8 17. cxd4 Qc7 18. Qb3 Bxf4 19. Bxe6+ Nxe6 20. Rxe6 Rxe6
21. Qxe6+ Kg7 22. Bxf4 Qxf4 23. d5 Qd4+ 24. Kh1 Kh6 25. Qd7 Qxb2 26. Re1 Qb6
27. Qe7 Qd8 28. Qxb7 Rc8 29. d6 Rc2 30. Qe7 Qg8 31. Qh4+ Kg7 32. Re7+ Qf7 33.
Rxf7+ Kxf7 34. Qe7+ Kg8 35. Qe1 Rc6 36. Qe8+ 1-0

[Event "Lichtenberger Sommer 2018"]
[Site "?"]
[Date "2018.08.18"]
[Round "1.44"]
[White "Ho, Ngoc Hai-Dang"]
[Black "Elsing, Jan"]
[Result "0-1"]
[WhiteElo "1582"]
[BlackElo "2129"]
[PlyCount "74"]
[EventDate "2018.??.??"]
[WhiteTeam "SV Mattnetz Berlin"]
[BlackTeam "SC Friesen Lichtenberg"]

1. e4 Nf6 2. e5 Nd5 3. d4 d6 4. c4 Nb6 5. Nf3 g6 6. Be2 Bg7 7. exd6 cxd6 8. O-O
O-O 9. Be3 Bg4 10. Na3 Nc6 11. Qd2 Re8 12. h3 Bxf3 13. Bxf3 d5 14. c5 Nc8 15.
Nc2 e6 16. b4 a6 17. a4 N8e7 18. Rfb1 Nf5 19. Ra3 h6 20. Be2 Qf6 21. Rd3 Kh7
22. g4 Nxe3 23. fxe3 Qh4 24. Kg2 f5 25. Qe1 Qg5 26. Qg3 e5 27. gxf5 exd4 28.
fxg6+ Kxg6 29. Qxg5+ hxg5 30. Bf3 Ne5 31. Rdd1 Nxf3 32. Kxf3 dxe3 33. Rxd5 e2
34. Re1 Re7 35. Rxe2 Rf8+ 36. Kg4 Rf4+ 37. Kg3 Rxe2 0-1

[Event "Lichtenberger Sommer 2018"]
[Site "?"]
[Date "2018.08.18"]
[Round "1.45"]
[White "Dathe, Frederick"]
[Black "Hesselbarth, Karlheinz"]
[Result "1-0"]
[WhiteElo "2007"]
[BlackElo "1723"]
[PlyCount "51"]
[EventDate "2018.??.??"]
[WhiteTeam "SC Kreuzberg"]
[BlackTeam "SC Zugzwang 95 (Berlin)"]

1. Nf3 d5 2. g3 c5 3. Bg2 Nc6 4. O-O e5 5. d3 f6 6. Nc3 Be6 7. e4 d4 8. Ne2 Qd7
9. Ne1 Bd6 10. f4 Nge7 11. Nf3 h6 12. f5 Bf7 13. g4 O-O-O 14. a3 Kb8 15. Bd2 g5
16. Qb1 a5 17. Rc1 h5 18. h3 b6 19. c4 Rh7 20. Qc2 Qa7 21. Rcb1 hxg4 22. hxg4
Be8 23. b4 Kc8 24. bxa5 bxa5 25. Rb5 Nb4 26. axb4 1-0

[Event "Lichtenberger Sommer 2018"]
[Site "?"]
[Date "2018.08.18"]
[Round "1.46"]
[White "Wahner, Eberhard"]
[Black "Kröncke, Manfred"]
[Result "0-1"]
[WhiteElo "1605"]
[BlackElo "2027"]
[PlyCount "96"]
[EventDate "2018.??.??"]
[WhiteTeam "SC Eintracht Berlin"]
[BlackTeam "SG Glückstadt"]

1. c4 e6 2. Nc3 d5 3. cxd5 exd5 4. d4 Nf6 5. g3 c6 6. Nf3 Be7 7. Bg2 O-O 8. O-O
h6 9. Re1 Bf5 10. a3 Nbd7 11. b4 Ne4 12. Nxe4 dxe4 13. Nd2 Nf6 14. Bb2 a5 15.
bxa5 Qxa5 16. Nc4 Qb5 17. Ne3 Be6 18. Rb1 Ba2 19. Qc2 Bxb1 20. Rxb1 Qa4 21.
Bxe4 Qxc2 22. Bxc2 Bxa3 23. Bxa3 Rxa3 24. Rxb7 Ra2 25. Bd3 g6 26. Rb6 Rc8 27.
Nc4 Nd5 28. Rb7 Raa8 29. e4 Rc7 30. Rb3 Ne7 31. Nd6 Kg7 32. Bc4 Rd8 33. e5 Nf5
34. Nxf5+ gxf5 35. Rd3 Rcd7 36. e6 Rxd4 37. Rxd4 Rxd4 38. e7 Re4 39. Bd3 Re1+
40. Kg2 Kf6 41. Kf3 Rxe7 42. Kf4 Re5 43. h3 c5 44. f3 Rd5 45. Bc2 c4 46. h4 c3
47. g4 fxg4 48. fxg4 Rd2 0-1

[Event "Lichtenberger Sommer 2018"]
[Site "?"]
[Date "2018.08.18"]
[Round "1.47"]
[White "Albrecht, Rainer"]
[Black "Schwager, Thomas"]
[Result "1-0"]
[WhiteElo "2083"]
[BlackElo "1628"]
[PlyCount "61"]
[EventDate "2018.??.??"]
[WhiteTeam "SC Kreuzberg"]
[BlackTeam "SC Friesen Lichtenberg"]

1. d4 d5 2. Bf4 Nf6 3. e3 g6 4. Nc3 Bg7 5. h4 h5 6. Be2 c6 7. Nf3 Bg4 8. Ne5
Bxe2 9. Qxe2 Nbd7 10. O-O-O O-O 11. f3 Nxe5 12. Bxe5 Qd7 13. Rdg1 b5 14. g4 Kh7
15. Bxf6 Bxf6 16. gxh5 gxh5 17. f4 Qf5 18. e4 Qxf4+ 19. Kb1 Rg8 20. Qxh5+ Qh6
21. Qf5+ Kh8 22. e5 Rxg1+ 23. Rxg1 Bxh4 24. Rh1 Rg8 25. Ne2 Rg5 26. Qf4 Rh5 27.
Qg4 Qh7 28. Ng3 Rh6 29. Qc8+ Qg8 30. Qxg8+ Kxg8 31. Nf5 1-0

[Event "Lichtenberger Sommer 2018"]
[Site "?"]
[Date "2018.08.18"]
[Round "1.48"]
[White "Zielke, Ansgar"]
[Black "Sabrowski, Uwe"]
[Result "0-1"]
[WhiteElo "1608"]
[BlackElo "2106"]
[PlyCount "54"]
[EventDate "2018.??.??"]
[WhiteTeam "Borussia Lichtenberg"]
[BlackTeam "SC Friesen Lichtenberg"]

1. d4 f5 2. c4 Nf6 3. Nc3 d6 4. Nf3 g6 5. e3 Bg7 6. Bd3 O-O 7. O-O Qe8 8. Re1
Nc6 9. a3 e5 10. Bc2 e4 11. Nd2 Nd8 12. b4 c6 13. Bb2 Be6 14. Bb3 Qf7 15. c5 d5
16. Nf1 g5 17. g3 f4 18. exf4 gxf4 19. gxf4 Bg4 20. f3 Bxf3 21. Qd2 Nh5 22. Ne2
Nxf4 23. Nxf4 Qxf4 24. Qxf4 Rxf4 25. Bc1 Rg4+ 26. Ng3 Ne6 27. Be3 Nxd4 0-1

[Event "Lichtenberger Sommer 2018"]
[Site "?"]
[Date "2018.08.18"]
[Round "1.49"]
[White "Schulz, Olaf"]
[Black "Kreuchauf, Olaf"]
[Result "1/2-1/2"]
[WhiteElo "2014"]
[BlackElo "1674"]
[PlyCount "62"]
[EventDate "2018.??.??"]
[WhiteTeam "vereinslos"]
[BlackTeam "SC Eintracht Berlin"]

1. d4 Nf6 2. Nf3 c5 3. d5 e6 4. c4 b5 5. d6 Qb6 6. Na3 a6 7. cxb5 Qxd6 8. Qxd6
Bxd6 9. Nc4 Be7 10. Nb6 Bb7 11. Nxa8 Bxa8 12. Bf4 d6 13. e3 Bb7 14. a4 Nd5 15.
bxa6 Nxa6 16. Bb5+ Kf8 17. O-O Nxf4 18. exf4 Bf6 19. Rfd1 Ke7 20. Ne5 Nb4 21.
Rxd6 Kxd6 22. Nxf7+ Ke7 23. Nxh8 g6 24. a5 Bxh8 25. a6 Ba8 26. Rd1 Bd4 27. Rd2
Kd6 28. h4 Kc7 29. g3 Kb6 30. Bd7 Bd5 31. Re2 Kxa6 1/2-1/2

[Event "Lichtenberger Sommer 2018"]
[Site "?"]
[Date "2018.08.18"]
[Round "1.50"]
[White "Weber, Gerald"]
[Black "Hahlbohm, Matthias"]
[Result "1/2-1/2"]
[WhiteElo "1714"]
[BlackElo "2112"]
[PlyCount "107"]
[EventDate "2018.??.??"]
[WhiteTeam "SSV Rotation Berlin"]
[BlackTeam "TSG Oberschöneweide"]

1. c4 e6 2. Nc3 d5 3. cxd5 exd5 4. d4 c6 5. Nf3 Nf6 6. Bg5 Be7 7. e3 h6 8. Bh4
O-O 9. h3 Nbd7 10. Bd3 Re8 11. O-O b6 12. Rc1 Bb7 13. Bg3 Bf8 14. Qc2 a6 15.
Rfd1 Qe7 16. Ne5 c5 17. Nxd7 Qxd7 18. dxc5 bxc5 19. Na4 Qe7 20. Nxc5 Rec8 21.
b4 a5 22. a3 axb4 23. axb4 Rc6 24. Qe2 Bc8 25. Ra1 Rxa1 26. Rxa1 Rb6 27. Bb5
Ne4 28. Nxe4 Qxe4 29. Bd3 Qxb4 30. Rb1 Qc5 31. Rxb6 Qxb6 32. Qc2 Be6 33. Qb1
Qc5 34. Qb8 g6 35. Be5 Kh7 36. Bd4 Qc1+ 37. Kh2 Bg7 38. Bxg7 Kxg7 39. Qe5+ Kh7
40. Kg3 Qd2 41. Qd4 Kg8 42. Bb5 Qc1 43. Be2 h5 44. Bf3 Qc7+ 45. Qf4 Qc4 46. Qd4
Qa2 47. Qf6 Qc4 48. Qd4 Kf8 49. h4 Ke7 50. Qa7+ Kf6 51. Qb8 Kg7 52. Qe5+ Kg8
53. Qb8+ Kh7 54. Qe5 1/2-1/2

[Event "Lichtenberger Sommer 2018"]
[Site "?"]
[Date "2018.08.18"]
[Round "1.51"]
[White "Püschel, Werner"]
[Black "Tedesco, Gennaro"]
[Result "1-0"]
[WhiteElo "2034"]
[BlackElo "1604"]
[PlyCount "129"]
[EventDate "2018.??.??"]
[WhiteTeam "Lasker Steglitz-Wilmersdorf"]
[BlackTeam "SC Kreuzberg"]

1. Nf3 Nf6 2. b3 g6 3. Bb2 Bg7 4. g3 O-O 5. Bg2 d5 6. d3 c6 7. Nbd2 Bf5 8. O-O
Qc8 9. Re1 Re8 10. Rb1 Bh3 11. Bh1 Nbd7 12. Ng5 Nb6 13. Nxh3 Qxh3 14. Bg2 Qd7
15. Nf3 Rad8 16. a4 Qc8 17. Qd2 Nbd7 18. c4 e6 19. Qa5 a6 20. e4 b6 21. Qc3
dxe4 22. Rxe4 Nc5 23. Re3 Ncd7 24. Ree1 c5 25. Qc2 Nh5 26. d4 cxd4 27. Bxd4 Nc5
28. Bxg7 Nxg7 29. Ne5 Nf5 30. b4 Nd4 31. Qa2 Nd7 32. Ng4 h5 33. Ne3 Ne5 34.
Red1 Nec6 35. Qb2 Nf5 36. Nxf5 exf5 37. Bd5 Ne7 38. Qf6 Nxd5 39. cxd5 Qb8 40.
b5 Rd6 41. Qb2 a5 42. Rbc1 Red8 43. Qb3 Qb7 44. Rc6 Qe7 45. Qc4 Qe5 46. h4 Kg7
47. Qd4 Qxd4 48. Rxd4 Kf6 49. f4 R8d7 50. Kf2 Ke7 51. Ke3 Kf6 52. Rdc4 Ke7 53.
Rxd6 Rxd6 54. Kd4 Kd7 55. Ke5 f6+ 56. Kd4 Kd8 57. Rc3 Kd7 58. Rc6 Ke7 59. Rc8
Rd7 60. Rg8 Kf7 61. Rh8 Rd6 62. Rh7+ Kf8 63. Rc7 Kg8 64. Rc6 Rd7 65. Rxf6 1-0

[Event "Lichtenberger Sommer 2018"]
[Site "?"]
[Date "2018.08.18"]
[Round "1.52"]
[White "Vesely, Martin"]
[Black "Böttcher, Patrick"]
[Result "0-1"]
[WhiteElo "1703"]
[BlackElo "2100"]
[PlyCount "87"]
[EventDate "2018.??.??"]
[WhiteTeam "SV Berlin-Friedrichstadt"]
[BlackTeam "SC Zitadelle Spandau"]

1. e4 c5 2. Nf3 d6 3. d4 cxd4 4. Nxd4 Nf6 5. f3 e5 6. Nb5 a6 7. N5a3 d5 8. exd5
Qxd5 9. Qxd5 Nxd5 10. Bc4 Be6 11. Bxd5 Bxd5 12. Be3 b5 13. c3 Nc6 14. O-O Be7
15. Rd1 Be6 16. Nc2 O-O 17. Nd2 Rfd8 18. b3 f5 19. c4 Bf6 20. Rab1 b4 21. Nf1
f4 22. Bb6 Rd7 23. Rxd7 Bxd7 24. Rd1 Bf5 25. Rd2 g5 26. Rd6 Bxc2 27. Rxc6 Kf7
28. Rd6 e4 29. fxe4 Bxe4 30. Nd2 Bf5 31. c5 Be5 32. Rh6 Kg7 33. Rc6 Bd7 34. Rc7
Bxc7 35. Bxc7 a5 36. Nc4 a4 37. Nb6 Ra7 38. Be5+ Kf7 39. Nxd7 Rxd7 40. bxa4 Rd2
41. c6 Ke6 42. Bg7 Rxa2 43. c7 Kd7 44. a5 0-1

[Event "Lichtenberger Sommer 2018"]
[Site "?"]
[Date "2018.08.18"]
[Round "1.53"]
[White "Heerde, Thomas"]
[Black "Pöltelt, Helmut"]
[Result "1-0"]
[WhiteElo "2005"]
[BlackElo "1714"]
[PlyCount "87"]
[EventDate "2018.??.??"]
[WhiteTeam "SK Zehlendorf"]
[BlackTeam "SC Eintracht Berlin"]

1. Nf3 Nf6 2. g3 g6 3. Bg2 Bg7 4. O-O O-O 5. d3 d5 6. Nbd2 Nbd7 7. e4 dxe4 8.
dxe4 e5 9. Re1 Re8 10. Nc4 b6 11. Nfxe5 Nxe5 12. Qxd8 Rxd8 13. Nxe5 Bb7 14. Nd3
Re8 15. e5 Bxg2 16. exf6 Bxf6 17. Kxg2 Red8 18. h4 Kg7 19. Bg5 Rd7 20. Bxf6+
Kxf6 21. Re2 Rad8 22. Rae1 c5 23. b3 Rc8 24. a4 a6 25. Ne5 Rb7 26. Nc4 Rd8 27.
g4 h6 28. f4 b5 29. axb5 axb5 30. g5+ Kg7 31. Ne5 hxg5 32. hxg5 Rd4 33. Kg3 Rd8
34. Ng4 c4 35. bxc4 bxc4 36. Nf6 Ra7 37. Re8 Ra3+ 38. Kg4 Raa8 39. Rxd8 Rxd8
40. Re8 Rxe8 41. Nxe8+ Kf8 42. Nd6 Ke7 43. Nxc4 Ke6 44. Ne5 1-0

[Event "Lichtenberger Sommer 2018"]
[Site "?"]
[Date "2018.08.18"]
[Round "1.54"]
[White "Engesser, Philipp"]
[Black "Schäfer, Heiko"]
[Result "0-1"]
[WhiteElo "1626"]
[BlackElo "1978"]
[PlyCount "56"]
[EventDate "2018.??.??"]
[WhiteTeam "Esv Askoe Admira Villach"]
[BlackTeam "Potsdamer SV"]

1. e4 e6 2. d4 d5 3. Nc3 Nf6 4. Bg5 Bb4 5. e5 h6 6. Be3 Ne4 7. Qg4 g5 8. h4 h5
9. hxg5 hxg4 10. Rxh8+ Bf8 11. Nxe4 dxe4 12. Ne2 Nd7 13. Ng3 b6 14. Nxe4 Bb7
15. Bd3 Qe7 16. O-O-O O-O-O 17. Rdh1 Bg7 18. R8h7 Rg8 19. Nf6 Bxf6 20. exf6
Nxf6 21. gxf6 Qxf6 22. R1h6 Qe7 23. Bg6 Rf8 24. Rg7 Qf6 25. Rhh7 Bxg2 26. Bxf7
Be4 27. Bg5 Qxf2 28. Bxe6+ Kb8 0-1